Разработка способа управления мобильными дизельными и газопоршневыми электростанциями из оперативно информационного комплекса; Электроэнергетика глазами молодежи; Т. 2
| Parent link: | Электроэнергетика глазами молодежи: сборник докладов V международной молодежной научно-технической конференции, г. Томск, 10-14 ноября 2014 г./ Национальный исследовательский Томский политехнический университет (ТПУ) ; ред. кол. Р. А. Вайнштейн и [др.].— , 2014 Т. 2.— 2014.— [С. 47-48] |
|---|---|
| Tác giả chính: | |
| Tác giả của công ty: | |
| Tác giả khác: | |
| Tóm tắt: | Заглавие с титульного экрана |
| Ngôn ngữ: | Tiếng Nga |
| Được phát hành: |
2014
|
| Loạt: | Мониторинг и диагностика в электроэнергетике |
| Những chủ đề: | |
| Truy cập trực tuyến: | http://earchive.tpu.ru/handle/11683/69863 http://www.lib.tpu.ru/fulltext/c/2014/C86/V2/012.pdf |
| Định dạng: | Điện tử Chương của sách |
| KOHA link: | https://koha.lib.tpu.ru/cgi-bin/koha/opac-detail.pl?biblionumber=609715 |
MARC
| LEADER | 00000naa2a2200000 4500 | ||
|---|---|---|---|
| 001 | 609715 | ||
| 005 | 20260325135549.0 | ||
| 035 | |a (RuTPU)RU\TPU\conf\7243 | ||
| 090 | |a 609715 | ||
| 100 | |a 20141201d2014 k y0rusy50 ca | ||
| 101 | 0 | |a rus | |
| 102 | |a RU | ||
| 135 | |a drgn ---uucaa | ||
| 181 | 0 | |a i | |
| 182 | 0 | |a b | |
| 200 | 1 | |a Разработка способа управления мобильными дизельными и газопоршневыми электростанциями из оперативно информационного комплекса |f А. А. Перевалов, С. М. Юдин |g науч. рук. С. М. Юдин | |
| 203 | |a Текст |c электронный | ||
| 225 | 1 | |a Мониторинг и диагностика в электроэнергетике | |
| 300 | |a Заглавие с титульного экрана | ||
| 320 | |a [Библиогр.: 48 (2 назв.)] | ||
| 337 | |a Adobe Reader | ||
| 461 | 1 | |0 (RuTPU)RU\TPU\conf\7165 |t Электроэнергетика глазами молодежи |o сборник докладов V международной молодежной научно-технической конференции, г. Томск, 10-14 ноября 2014 г. |o в 2 т. |f Национальный исследовательский Томский политехнический университет (ТПУ) ; ред. кол. Р. А. Вайнштейн и [др.] |d 2014 | |
| 463 | 0 | |0 (RuTPU)RU\TPU\conf\7172 |t Т. 2 |v [С. 47-48] |d 2014 | |
| 610 | 1 | |a труды учёных ТПУ | |
| 610 | 1 | |a электронный ресурс | |
| 610 | 1 | |a управление | |
| 610 | 1 | |a дизельные электростанции | |
| 610 | 1 | |a газопоршневые электростанции | |
| 610 | 1 | |a информационные комплексы | |
| 610 | 1 | |a электростанции | |
| 610 | 1 | |a электроэнергия | |
| 610 | 1 | |a управляемые системы | |
| 610 | 1 | |a линии электропередачи | |
| 700 | 1 | |a Перевалов |b А. А. | |
| 701 | 1 | |a Юдин |b С. М. |c специалист в области электротехники |c доцент Томского политехнического университета, кандидат технических наук |f 1949- |g Святослав Михайлович |3 (RuTPU)RU\TPU\pers\29520 |9 14059 | |
| 702 | 1 | |a Юдин |b С. М. |c специалист в области электротехники |c доцент Томского политехнического университета, кандидат технических наук |f 1949- |g Святослав Михайлович |4 727 | |
| 712 | 0 | 2 | |a Национальный исследовательский Томский политехнический университет (ТПУ) |b Энергетический институт (ЭНИН) |b Кафедра электроэнергетических систем (ЭЭС) |3 (RuTPU)RU\TPU\col\18675 |
| 801 | 2 | |a RU |b 63413507 |c 20141124 |g RCR | |
| 801 | 2 | |a RU |b 63413507 |c 20220228 |g RCR | |
| 856 | 4 | |u http://earchive.tpu.ru/handle/11683/69863 | |
| 856 | 4 | |u http://www.lib.tpu.ru/fulltext/c/2014/C86/V2/012.pdf | |
| 942 | |c BK | ||